[Event "61. BEM 2007"]
[Site "Dortmund"]
[Date "2007.03.12"]
[Round "7.5"]
[White "Begna, Bozidar"]
[Black "Watzlawek, Markus"]
[Result "1-0"]
[WhiteElo "1953"]
[BlackElo "1967"]
[PlyCount "73"]
[EventDate "2007.??.??"]
[Source "SG Dortmund"]
[SourceDate "2004.12.16"]

1. d3 d5 2. g3 c5 3. Nf3 Nc6 4. Bg2 e5 5. e4 d4 6. O-O Nge7 7. Ne1 Be6 8. f4 f6
9. Nf3 Qd7 10. fxe5 Nxe5 11. Nxe5 fxe5 12. Nd2 Nc6 13. Nf3 Be7 14. Bg5 O-O 15.
Qd2 c4 16. Bxe7 Qxe7 17. a3 Rac8 18. Nh4 g6 19. Qh6 Qg7 20. Qg5 b5 21. Rxf8+
Rxf8 22. Rf1 Rxf1+ 23. Bxf1 Qe7 24. Qxe7 Nxe7 25. Nf3 c3 26. bxc3 dxc3 27. d4
exd4 28. Nxd4 Bc4 29. Nxb5 Bxb5 30. Bxb5 Kf7 31. Kf2 Nc8 32. Ke3 Nd6 33. Ba6
Ke6 34. Kd4 g5 35. g4 Ne8 36. e5 Nc7 37. Bc4+ 1-0

[Event "61. BEM 2007"]
[Site "Dortmund"]
[Date "2007.03.12"]
[Round "7.6"]
[White "Werner, Patrick"]
[Black "Zeldin, Vitali"]
[Result "0-1"]
[WhiteElo "1783"]
[BlackElo "1927"]
[PlyCount "54"]
[EventDate "2007.??.??"]
[Source "SG Dortmund"]
[SourceDate "2004.12.16"]

1. Nf3 c5 2. g3 g6 3. Bg2 Bg7 4. O-O d5 5. c4 e6 6. d3 Ne7 7. Nc3 O-O 8. Bf4
Nbc6 9. Na4 b6 10. Qc2 h6 11. h4 e5 12. Bd2 Bg4 13. e3 Qd7 14. Kh2 Rad8 15. Bc3
f5 16. Ng1 f4 17. exf4 exf4 18. Bxg7 Kxg7 19. Qd2 f3 20. Bh3 h5 21. Qc3+ Nd4
22. b3 Qd6 23. Qd2 Nef5 24. Kh1 Rde8 25. Rae1 Rxe1 26. Rxe1 Nxg3+ 27. fxg3 f2
0-1

[Event "61. BEM 2007"]
[Site "Dortmund"]
[Date "2007.03.12"]
[Round "7.7"]
[White "Schultz, Bernfried"]
[Black "Gorzinski, Dariusz"]
[Result "0-1"]
[WhiteElo "1708"]
[BlackElo "1855"]
[PlyCount "60"]
[EventDate "2007.??.??"]
[Source "SG Dortmund"]
[SourceDate "2004.12.16"]

1. e4 g6 2. d4 Bg7 3. Nc3 d6 4. Bd3 a6 5. Be3 b5 6. Qd2 Bb7 7. f3 Nd7 8. Nge2
c5 9. dxc5 dxc5 10. Ng3 Qc7 11. O-O Rd8 12. Rad1 Ngf6 13. Bh6 O-O 14. Bxg7 Kxg7
15. Qg5 e6 16. f4 h6 17. Qh4 c4 18. Be2 b4 19. e5 bxc3 20. exf6+ Nxf6 21. f5 g5
22. Qh3 Qb6+ 23. Kh1 Rxd1 24. Bxd1 cxb2 25. Nh5+ Nxh5 26. Qxh5 exf5 27. Rxf5
Qg6 28. Qg4 b1=Q 29. Qd4+ Kg8 30. Rf1 Qe4 0-1

[Event "61. BEM 2007"]
[Site "Dortmund"]
[Date "2007.03.12"]
[Round "7.8"]
[White "Ziemek, Gerhard"]
[Black "Kropp, Andreas"]
[Result "1/2-1/2"]
[WhiteElo "1690"]
[BlackElo "1821"]
[PlyCount "55"]
[EventDate "2007.??.??"]
[Source "SG Dortmund"]
[SourceDate "2004.12.16"]

1. d4 Nf6 2. Nc3 d5 3. f3 c5 4. Bg5 cxd4 5. Qxd4 Nc6 6. Qd2 d4 7. Nd1 e5 8. a3
Be7 9. e3 O-O 10. Bd3 h6 11. Bh4 Nd5 12. Bxe7 Qxe7 13. Ne2 Qh4+ 14. g3 Qh5 15.
O-O Be6 16. exd4 exd4 17. Be4 Qe5 18. Nf2 Rad8 19. Nd3 Qf6 20. Nef4 Ne3 21. Rf2
Bf5 22. Nc5 b6 23. Ncd3 Bxe4 24. fxe4 Qe7 25. Re1 Qxe4 26. Ng2 Rfe8 27. Rfe2
Ne5 28. Nxe5 1/2-1/2

[Event "61. BEM 2007"]
[Site "Dortmund"]
[Date "2007.03.12"]
[Round "7.9"]
[White "Krause, Dieter"]
[Black "Borjini, Mohamed"]
[Result "0-1"]
[WhiteElo "1824"]
[BlackElo "1965"]
[PlyCount "68"]
[EventDate "2007.??.??"]
[Source "SG Dortmund"]
[SourceDate "2004.12.16"]

1. d4 Nf6 2. Nf3 e6 3. e3 d5 4. Bd3 Bd6 5. O-O Nbd7 6. Nbd2 O-O 7. Qe2 e5 8.
dxe5 Nxe5 9. Nxe5 Bxe5 10. h3 c6 11. f4 Bc7 12. e4 dxe4 13. Nxe4 Nxe4 14. Qxe4
f5 15. Qc4+ Kh8 16. Bd2 Bd7 17. Rae1 b5 18. Qb3 c5 19. Qd5 c4 20. Bb4 Ba5 21.
Bxf8 Bxe1 22. Rxe1 cxd3 23. cxd3 Rc8 24. Bc5 Qc7 25. d4 Qc6 26. Qf7 Rg8 27. Re7
Bc8 28. Kh2 a5 29. h4 b4 30. Kh3 Ba6 31. Rc7 Qe4 32. Bf8 Qe3+ 33. g3 Bf1+ 34.
Kh2 Qf2+ 0-1

[Event "61. BEM 2007"]
[Site "Dortmund"]
[Date "2007.03.12"]
[Round "7.10"]
[White "Ziperstein, Jakob"]
[Black "Grewe, Markus"]
[Result "1-0"]
[WhiteElo "1858"]
[BlackElo "1766"]
[PlyCount "59"]
[EventDate "2007.??.??"]
[Source "SG Dortmund"]
[SourceDate "2004.12.16"]

1. e4 c5 2. Nf3 Nc6 3. Nc3 e6 4. d3 d5 5. exd5 exd5 6. Be2 Nf6 7. O-O Be7 8.
Bg5 O-O 9. h3 a6 10. d4 c4 11. Ne5 Bf5 12. Re1 Ne4 13. Nxc6 bxc6 14. Bxe7 Qxe7
15. Nxe4 Qxe4 16. Bd3 Qf4 17. Bxf5 Qxf5 18. Re5 Qf4 19. g3 Qh6 20. Qg4 Rae8 21.
f4 Rxe5 22. dxe5 c5 23. Re1 Re8 24. Kg2 Qc6 25. f5 d4+ 26. Qf3 Qa4 27. Re2 Qxa2
28. e6 c3 29. b3 f6 30. Qc6 1-0

[Event "61. BEM 2007"]
[Site "Dortmund"]
[Date "2007.03.12"]
[Round "7.11"]
[White "Raskin, Vitali"]
[Black "Büchle, Manfred"]
[Result "0-1"]
[WhiteElo "1678"]
[BlackElo "1851"]
[PlyCount "136"]
[EventDate "2007.??.??"]
[Source "SG Dortmund"]
[SourceDate "2004.12.16"]

1. e4 c5 2. Nf3 Nc6 3. d4 cxd4 4. Nxd4 Nf6 5. Nc3 d6 6. Be3 e6 7. Bd3 Be7 8.
O-O O-O 9. Nxc6 bxc6 10. f4 Qc7 11. Qf3 Bb7 12. Qg3 e5 13. fxe5 dxe5 14. Bh6
Ne8 15. Be3 Bc8 16. Bc4 Bb4 17. Nd1 Kh8 18. a3 Bd6 19. Nc3 Qe7 20. b4 Be6 21.
Bxe6 Qxe6 22. Rad1 a5 23. Na4 axb4 24. Nc5 Qc4 25. axb4 f6 26. Qh3 Qxb4 27. Ne6
Rf7 28. Ng5 fxg5 29. Rxf7 Nf6 30. Qf5 Bc5 31. Qxg5 Bxe3+ 32. Qxe3 Qc4 33. Qb3
Qxe4 34. Qg3 Rg8 35. Qd3 Qa4 36. c4 e4 37. Qe2 Re8 38. Rf1 Kg8 39. Rb7 Qa6 40.
Rb2 Qa3 41. Rfb1 Qc5+ 42. Kh1 Qe5 43. Rb6 c5 44. Rd1 h5 45. h3 h4 46. Qd2 e3
47. Qd6 e2 48. Re1 Qc3 49. Rbb1 Qxc4 50. Rbc1 Qe4 51. Qxc5 Re5 52. Qc4+ Qxc4
53. Rxc4 g5 54. Rc2 Nh5 55. Rc3 Ng3+ 56. Kg1 Kg7 57. Rc7+ Kg6 58. Kf2 Rf5+ 59.
Ke3 Rf4 60. Kd3 Rf2 61. Rc2 Rxg2 62. Rcxe2 Nxe2 63. Rxe2 Rg3+ 64. Re3 g4 65.
hxg4 Kg5 66. Rxg3 hxg3 67. Ke2 Kxg4 68. Kf1 Kh3 0-1

[Event "61. BEM 2007"]
[Site "Dortmund"]
[Date "2007.03.12"]
[Round "7.12"]
[White "Watzlawek, Volker"]
[Black "Kartsev, Alexandr"]
[Result "0-1"]
[WhiteElo "1636"]
[BlackElo "1835"]
[PlyCount "52"]
[EventDate "2007.??.??"]
[Source "SG Dortmund"]
[SourceDate "2004.12.16"]

1. Nf3 g6 2. g3 Bg7 3. Bg2 d6 4. O-O e5 5. d3 f5 6. c4 Nf6 7. Nc3 O-O 8. b4 e4
9. Ne1 exd3 10. exd3 Nh5 11. Qb3 Nc6 12. Nf3 f4 13. Bb2 Bg4 14. Ne4 Bxf3 15.
Bxf3 Nd4 16. Bxd4 Bxd4 17. Rac1 fxg3 18. c5+ d5 19. Bxh5 gxf2+ 20. Kh1 gxh5 21.
Rc2 Kh8 22. Nxf2 c6 23. Qb1 Qf6 24. Qd1 Rae8 25. Qxh5 Re5 26. Qg4 Rf5 0-1

[Event "61. BEM 2007"]
[Site "Dortmund"]
[Date "2007.03.12"]
[Round "7.13"]
[White "Rossa, Daniel"]
[Black "Gitschel, Ralf"]
[Result "0-1"]
[WhiteElo "1543"]
[BlackElo "1831"]
[PlyCount "58"]
[EventDate "2007.??.??"]
[Source "SG Dortmund"]
[SourceDate "2004.12.16"]

1. e4 c5 2. Nf3 Nc6 3. d4 cxd4 4. Nxd4 Nf6 5. Nc3 e5 6. Ndb5 d6 7. Bg5 a6 8.
Na3 b5 9. Nd5 Be7 10. Bxf6 gxf6 11. c3 f5 12. exf5 Bxf5 13. Nc2 O-O 14. Nce3
Be6 15. a4 b4 16. a5 bxc3 17. bxc3 Bg5 18. Nc4 Ra7 19. h4 Bh6 20. Nb4 Nxb4 21.
cxb4 d5 22. Nxe5 Qd6 23. Nd3 Re7 24. Be2 Bg4 25. f3 Qg3+ 26. Kf1 Rfe8 27. Nf2
Rxe2 28. Qxe2 Rxe2 29. Kxe2 Qe5+ 0-1

[Event "61. BEM 2007"]
[Site "Dortmund"]
[Date "2007.03.12"]
[Round "7.14"]
[White "Flierdl, Lothar"]
[Black "Grube, Jörg"]
[Result "1-0"]
[WhiteElo "1646"]
[BlackElo "1829"]
[PlyCount "79"]
[EventDate "2007.??.??"]
[Source "SG Dortmund"]
[SourceDate "2004.12.16"]

1. e4 e5 2. Nf3 Nc6 3. Bb5 a6 4. Ba4 Nf6 5. O-O Be7 6. Re1 b5 7. Bb3 O-O 8. c3
d6 9. h3 Bb7 10. a4 b4 11. d4 a5 12. Nbd2 Re8 13. Nf1 Bf8 14. Ng3 g6 15. d5 Nb8
16. Be3 Na6 17. Bc4 Nd7 18. Bb5 Re7 19. cxb4 axb4 20. b3 Ndc5 21. Rb1 f6 22.
Qd2 Rf7 23. Nh4 Be7 24. Nf3 Kh8 25. Bh6 Bc8 26. h4 Qg8 27. h5 Bd8 28. Re3 Re7
29. Nh4 Rf7 30. Nf3 f5 31. exf5 gxf5 32. Nxe5 dxe5 33. Rxe5 Bd7 34. Bc4 Bf6 35.
Qe3 Qg4 36. Re1 f4 37. Bxf4 Bg7 38. h6 Qxf4 39. hxg7+ Kxg7 40. Nh5+ 1-0

[Event "61. BEM 2007"]
[Site "Dortmund"]
[Date "2007.03.12"]
[Round "7.15"]
[White "Grawe, Herbert"]
[Black "Reusche, Horst"]
[Result "0-1"]
[WhiteElo "1445"]
[BlackElo "1900"]
[PlyCount "80"]
[EventDate "2007.??.??"]
[Source "SG Dortmund"]
[SourceDate "2004.12.16"]

1. Nc3 b6 2. e4 e6 3. Bc4 Bb7 4. Nf3 d5 5. exd5 exd5 6. Bb3 Nf6 7. d3 Be7 8.
O-O O-O 9. Ne2 Nbd7 10. a3 Nc5 11. Ba2 a5 12. Ng3 g6 13. Bh6 Re8 14. Nd4 Qd7
15. h3 Kh8 16. f4 Ng8 17. Bg5 h6 18. Bxe7 Qxe7 19. Rf3 f5 20. Qd2 Qf6 21. c3
Ne6 22. Nge2 Nxd4 23. Nxd4 c5 24. Nb5 Re7 25. d4 c4 26. Raf1 a4 27. Bb1 Bc6 28.
g4 Bxb5 29. g5 Qe6 30. Qg2 h5 31. Bc2 Rae8 32. Bd1 Qd6 33. R3f2 Re1 34. Bxh5
Rxf1+ 35. Rxf1 gxh5 36. Qf3 Qg6 37. Qxd5 Bc6 38. Qxc4 Qe6 39. Qxe6 Rxe6 40. c4
Re4 0-1

[Event "61. BEM 2007"]
[Site "Dortmund"]
[Date "2007.03.12"]
[Round "7.16"]
[White "Hardt, Helmut"]
[Black "Benke, Werner"]
[Result "1-0"]
[WhiteElo "1793"]
[BlackElo "1501"]
[PlyCount "37"]
[EventDate "2007.??.??"]
[Source "SG Dortmund"]
[SourceDate "2004.12.16"]

1. e4 c5 2. b4 b6 3. Bc4 e6 4. bxc5 bxc5 5. Qe2 Bb7 6. Nc3 Nc6 7. Nf3 d6 8. O-O
Nf6 9. Rb1 Qc8 10. e5 dxe5 11. Nxe5 Bd6 12. Nxf7 Kxf7 13. Rxb7+ Be7 14. Ba6 Qd8
15. Re1 Nd4 16. Qe5 Nd7 17. Qf4+ Bf6 18. Qd6 Ke8 19. Nd5 1-0

[Event "61. BEM 2007"]
[Site "Dortmund"]
[Date "2007.03.12"]
[Round "7.17"]
[White "Stepke, Horst P"]
[Black "Ackerhans, Gerd"]
[Result "1/2-1/2"]
[WhiteElo "1636"]
[BlackElo "1476"]
[PlyCount "57"]
[EventDate "2007.??.??"]
[Source "SG Dortmund"]
[SourceDate "2004.12.16"]

1. e4 c6 2. d4 d5 3. Nc3 dxe4 4. Nxe4 Bf5 5. Ng3 Bg6 6. Nf3 e6 7. h4 h6 8. h5
Bh7 9. Be3 Nf6 10. Ne5 Nbd7 11. Bd3 Bxd3 12. Qxd3 Nxe5 13. dxe5 Qxd3 14. cxd3
Nd5 15. Bd2 Bb4 16. Ne4 Bxd2+ 17. Kxd2 Ke7 18. g3 Rhd8 19. a3 Nb6 20. Nd6 Rd7
21. Rad1 Rad8 22. f4 f5 23. Rhe1 Nc8 24. Nxc8+ Rxc8 25. Ke3 Rcd8 26. Rd2 c5 27.
Rc1 b6 28. Rc3 Rd5 29. Rg2 1/2-1/2

[Event "61. BEM 2007"]
[Site "Dortmund"]
[Date "2007.03.12"]
[Round "7.18"]
[White "Schröder, Thomas"]
[Black "Duschek, Günter"]
[Result "0-1"]
[WhiteElo "1581"]
[BlackElo "1633"]
[PlyCount "26"]
[EventDate "2007.??.??"]
[Source "SG Dortmund"]
[SourceDate "2004.12.16"]

1. f4 d5 2. Nf3 Bf5 3. e3 e6 4. b3 Be7 5. Bb2 Nf6 6. Ne5 h5 7. d3 c6 8. Nd2
Nbd7 9. Ndf3 Nxe5 10. Bxe5 Qa5+ 11. Nd2 Ng4 12. Qe2 Nxe5 13. fxe5 Qc3 0-1

[Event "61. BEM 2007"]
[Site "Dortmund"]
[Date "2007.03.12"]
[Round "7.19"]
[White "Noori, Mir Ahmad"]
[Black "Stiebel, Erhard"]
[Result "1-0"]
[WhiteElo "1601"]
[BlackElo "1384"]
[PlyCount "67"]
[EventDate "2007.??.??"]
[Source "SG Dortmund"]
[SourceDate "2004.12.16"]

1. d4 d5 2. a3 Nf6 3. b3 e6 4. Bg5 Be7 5. Nf3 Ne4 6. Bxe7 Qxe7 7. e3 Nd7 8. Qd3
b6 9. Be2 a5 10. Qd1 O-O 11. Bd3 f5 12. g3 Rf7 13. Qe2 Bb7 14. Nfd2 h6 15. f3
Nef6 16. Nc3 c5 17. Bb5 Nb8 18. Na4 Qd6 19. c3 cxd4 20. cxd4 Rc7 21. O-O Nbd7
22. Bd3 g6 23. f4 Kf7 24. Nf3 Ne4 25. Ne5+ Kf6 26. Bb5 Nb8 27. Qb2 Ba6 28. Qe2
Bb7 29. Rfc1 Bc8 30. Rxc7 Qxc7 31. Qb2 Na6 32. Rc1 Qd8 33. Nc6 Qe8 34. Nxb6 1-0

[Event "61. BEM 2007"]
[Site "Dortmund"]
[Date "2007.03.12"]
[Round "7.21"]
[White "Pachura, Karl-Heinz"]
[Black "Holtmann, Rainer"]
[Result "1/2-1/2"]
[WhiteElo "1332"]
[BlackElo "1679"]
[PlyCount "49"]
[EventDate "2007.??.??"]
[Source "SG Dortmund"]
[SourceDate "2004.12.16"]

1. e4 e6 2. Nf3 b6 3. Nc3 Bb7 4. a3 c5 5. d4 cxd4 6. Nxd4 Nf6 7. Bd3 Na6 8. Bf4
d6 9. Nb3 Be7 10. O-O O-O 11. Re1 Nd7 12. Qg4 Ne5 13. Bxe5 dxe5 14. Re3 Nc5 15.
Nxc5 Bxc5 16. Rf3 Qc8 17. Ne2 f5 18. Qg3 Rf6 19. Qxe5 Qc6 20. exf5 Raf8 21. Ng3
exf5 22. Bxf5 Qb5 23. Be6+ Kh8 24. Rxf6 Rxf6 25. Qb8+ 1/2-1/2

[Event "61. BEM 2007"]
[Site "Dortmund"]
[Date "2007.03.12"]
[Round "7.22"]
[White "Bötzel, Sascha"]
[Black "Volmer, Martin"]
[Result "0-1"]
[WhiteElo "1333"]
[BlackElo "1657"]
[PlyCount "30"]
[EventDate "2007.??.??"]
[Source "SG Dortmund"]
[SourceDate "2004.12.16"]

1. d4 d5 2. c4 e6 3. Nc3 Nf6 4. Bg5 Nbd7 5. a3 c6 6. e3 Be7 7. Nf3 O-O 8. Bd3
b6 9. O-O c5 10. cxd5 exd5 11. b3 Bb7 12. Qc2 Rc8 13. Ne5 cxd4 14. Nxd7 Rxc3
15. Qd2 Qxd7 0-1

[Event "61. BEM 2007"]
[Site "Dortmund"]
[Date "2007.03.12"]
[Round "7.24"]
[White "Reinacher, Detlev"]
[Black "Rutmann, Ulrich"]
[Result "0-1"]
[WhiteElo "1480"]
[BlackElo "1367"]
[PlyCount "92"]
[EventDate "2007.??.??"]
[Source "SG Dortmund"]
[SourceDate "2004.12.16"]

1. d4 d5 2. c4 e6 3. Nc3 Nf6 4. e3 Bb4 5. a3 Bxc3+ 6. bxc3 O-O 7. Qc2 Nbd7 8.
Nf3 c5 9. Bd3 dxc4 10. Bxc4 h6 11. O-O Nb6 12. Be2 cxd4 13. cxd4 Qd5 14. Bd3
Bd7 15. e4 Qc6 16. Qe2 Qc7 17. e5 Nfd5 18. Qe4 g6 19. Qh4 h5 20. Bh6 Rfc8 21.
Rfc1 Qd8 22. Qg3 Kh7 23. Bg5 Qf8 24. Qh3 Kg8 25. g4 f6 26. exf6 Nxf6 27. Bxf6
Qxf6 28. gxh5 Rf8 29. hxg6 Qh8 30. Qxh8+ Kxh8 31. Ne5 Rf4 32. Nxd7 Nxd7 33. Rc4
Raf8 34. Ra2 Kg7 35. Re2 Rf3 36. Be4 Rxa3 37. Rc7 Rd8 38. Rxb7 Kh6 39. Bc6 Nf6
40. g7 Rxd4 41. Rxe6 Rg4+ 42. Kf1 Ra1+ 43. Ke2 Ra2+ 44. Ke3 Ra3+ 45. Kd2 Ra2+
46. Ke1 Rg1# 0-1

[Event "61. BEM 2007"]
[Site "Dortmund"]
[Date "2007.03.12"]
[Round "7.25"]
[White "Schröder, Marcel"]
[Black "Bollmann, Marcel"]
[Result "1-0"]
[WhiteElo "1440"]
[BlackElo "1280"]
[PlyCount "35"]
[EventDate "2007.??.??"]
[Source "SG Dortmund"]
[SourceDate "2004.12.16"]

1. e4 e5 2. Nf3 Nc6 3. d4 exd4 4. Nxd4 Bc5 5. Be3 Qe7 6. Nc3 Bb4 7. Ndb5 d6 8.
a3 Ba5 9. b4 Bb6 10. Nd5 Qxe4 11. Nxb6 axb6 12. Nxc7+ Kd7 13. Nxa8 Nf6 14.
Nxb6+ Kc7 15. Nxc8 Rxc8 16. Qd3 Qe5 17. Rd1 Ra8 18. Be2 1-0

[Event "61. BEM 2007"]
[Site "Dortmund"]
[Date "2007.03.12"]
[Round "7.26"]
[White "Strotmann, Dieter"]
[Black "Zabel, Reinhard"]
[Result "1-0"]
[WhiteElo "1320"]
[BlackElo "1427"]
[PlyCount "65"]
[EventDate "2007.??.??"]
[Source "SG Dortmund"]
[SourceDate "2004.12.16"]

1. Nf3 Nf6 2. d4 d5 3. e3 e6 4. Bd3 c5 5. b3 cxd4 6. exd4 Be7 7. Bf4 Nc6 8. c3
O-O 9. O-O Bd6 10. Bxd6 Qxd6 11. Re1 Re8 12. Nbd2 Bd7 13. Ne5 Ne7 14. Ndf3 h6
15. Qc2 Rac8 16. Nxd7 Qxd7 17. a4 Nc6 18. Bb5 a6 19. Ne5 Qc7 20. Bxc6 bxc6 21.
Qd3 Qb7 22. Rab1 c5 23. b4 cxd4 24. Qxd4 Nd7 25. a5 Nxe5 26. Rxe5 Rc4 27. Qd3
Rec8 28. Rb3 d4 29. h3 Rxc3 30. Rxc3 dxc3 31. Rc5 Rb8 32. Qxc3 Qxb4 33. Rc8+
1-0

[Event "61. BEM 2007"]
[Site "Dortmund"]
[Date "2007.03.12"]
[Round "7.27"]
[White "Krüger, Inge"]
[Black "Milonas, Georgios"]
[Result "0-1"]
[WhiteElo "1253"]
[BlackElo "1398"]
[PlyCount "104"]
[EventDate "2007.??.??"]
[Source "SG Dortmund"]
[SourceDate "2004.12.16"]

1. d4 Nf6 2. c4 d6 3. Nc3 g6 4. Nf3 Bg7 5. e4 O-O 6. Be2 Nbd7 7. O-O e5 8. d5
Nc5 9. Qc2 a5 10. Be3 b6 11. h3 Ne8 12. a3 f5 13. Bg5 Qd7 14. b4 Nb7 15. Qd2 f4
16. Nh2 h6 17. Bg4 Qf7 18. Bh4 g5 19. Bxc8 Rxc8 20. Bg3 fxg3 21. fxg3 Qe7 22.
Rf5 Rxf5 23. exf5 Nf6 24. Rf1 Rf8 25. g4 e4 26. Re1 Re8 27. Nf1 Qe5 28. Re3 Kf8
29. Nb5 Qe7 30. Nd4 Nd8 31. Ne6+ Nxe6 32. fxe6 axb4 33. axb4 Ra8 34. Qf2 Kg8
35. Ng3 Ra1+ 36. Kh2 Ra4 37. Nf5 Qe8 38. Nxh6+ Kh7 39. Nf7 Kg8 40. Nxg5 Rxb4
41. Qc2 Bh6 42. Nxe4 Nxe4 43. Rxe4 Bg5 44. Qf2 b5 45. h4 Be7 46. g5 Rxc4 47.
Re3 Qh5 48. Qf7+ Qxf7 49. exf7+ Kxf7 50. Rf3+ Kg6 51. Kh3 b4 52. Re3 Rc3 0-1

[Event "61. BEM 2007"]
[Site "Dortmund"]
[Date "2007.03.12"]
[Round "7.28"]
[White "Clausen, Dirk"]
[Black "Kiauka, Richard"]
[Result "1-0"]
[WhiteElo "1370"]
[BlackElo "1200"]
[PlyCount "59"]
[EventDate "2007.??.??"]
[Source "SG Dortmund"]
[SourceDate "2004.12.16"]

1. c4 Nf6 2. d4 d5 3. e3 Bf5 4. Nc3 e6 5. Nf3 h6 6. a3 Nbd7 7. b4 c6 8. Bb2
dxc4 9. Bxc4 Nb6 10. Bb3 Bd6 11. O-O O-O 12. Re1 Qc7 13. e4 Ng4 14. exf5 Nxh2
15. fxe6 fxe6 16. Bxe6+ Kh8 17. Ne5 Rae8 18. Ng6+ Kh7 19. Nxf8+ Rxf8 20. Qd3+
g6 21. d5 h5 22. Ne4 Ng4 23. Bxg4 Bh2+ 24. Kh1 hxg4 25. g3 cxd5 26. Nf6+ Kh6
27. Nxg4+ Kg5 28. Re5+ Kxg4 29. Qxg6+ Kf3 30. Qh5+ 1-0

[Event "61. BEM 2007"]
[Site "Dortmund"]
[Date "2007.03.12"]
[Round "7.29"]
[White "Hast, Stefan"]
[Black "Schaefer, Ulrich"]
[Result "0-1"]
[WhiteElo "1161"]
[BlackElo "1347"]
[PlyCount "66"]
[EventDate "2007.??.??"]
[Source "SG Dortmund"]
[SourceDate "2004.12.16"]

1. e4 e5 2. Nf3 Nf6 3. Nc3 Nc6 4. Bb5 Nd4 5. Bc4 Nxf3+ 6. Qxf3 Bb4 7. a3 Bxc3
8. Qxc3 d6 9. d3 O-O 10. Bg5 h6 11. Bh4 Be6 12. O-O Qe7 13. f4 d5 14. fxe5 dxc4
15. exf6 Qc5+ 16. Bf2 Qg5 17. dxc4 g6 18. Be3 Qh4 19. Rf4 Qh5 20. e5 Rad8 21.
b3 Rd7 22. Rf2 Rfd8 23. Rd2 Rxd2 24. Bxd2 Qe2 25. Bxh6 Bf5 26. Re1 Rd1 27. Rxd1
Qxd1+ 28. Kf2 Bxc2 29. b4 Bd3 30. Qd2 Qf1+ 31. Ke3 Bxc4 32. Kd4 Be6 33. Kc5
Qc4# 0-1

[Event "61. BEM 2007"]
[Site "Dortmund"]
[Date "2007.03.12"]
[Round "7.30"]
[White "Schoppe, Hans-Werner"]
[Black "Dedeck, Sylvia"]
[Result "1-0"]
[WhiteElo "1178"]
[BlackElo "1034"]
[PlyCount "101"]
[EventDate "2007.??.??"]
[Source "SG Dortmund"]
[SourceDate "2004.12.16"]

1. d4 Nf6 2. Nf3 d5 3. Bg5 Ne4 4. Bh4 Bg4 5. h3 Bh5 6. g4 Bg6 7. Ne5 Qd6 8. f3
Nf6 9. Bg3 Nc6 10. c3 e6 11. Qa4 Nd7 12. Kf2 Ndxe5 13. Bxe5 Qd7 14. Bg3 Be7 15.
e3 O-O 16. Nd2 a6 17. b4 b5 18. Qb3 Bd6 19. f4 f5 20. Nf3 fxg4 21. hxg4 Be4 22.
Rh2 Qf7 23. Ng5 Qf6 24. Nxe4 dxe4 25. d5 Nd8 26. Bg2 e5 27. f5 Qg5 28. Bh3 Nf7
29. Qc2 Nh6 30. Qxe4 g6 31. Kg2 gxf5 32. gxf5 Nxf5 33. Bxf5 Rxf5 34. Rah1 Raf8
35. Kh3 Rf3 36. Qg4 Qxg4+ 37. Kxg4 Rf1 38. Rxh7 Rxh1 39. Rxh1 Kg7 40. Rh5 Kf6
41. Rf5+ Ke7 42. Rxf8 Kxf8 43. Kf5 Ke7 44. Bxe5 Bxe5 45. Kxe5 Kd7 46. e4 Ke7
47. Kd4 Kd6 48. e5+ Ke7 49. Kc5 Kd7 50. e6+ Ke7 51. Kc6 1-0

[Event "61. BEM 2007"]
[Site "Dortmund"]
[Date "2007.03.12"]
[Round "7.31"]
[White "Rabe, Mark"]
[Black "Wodzinski, Kristin"]
[Result "1-0"]
[WhiteElo "1004"]
[BlackElo "1057"]
[PlyCount "65"]
[EventDate "2007.??.??"]
[Source "SG Dortmund"]
[SourceDate "2004.12.16"]

1. Nf3 d5 2. d4 e6 3. g3 Nf6 4. Nc3 Bb4 5. Bd2 O-O 6. Bg2 Nbd7 7. a3 Ba5 8. O-O
c6 9. b4 Bc7 10. e3 Nb6 11. Ne2 Nc4 12. c3 Re8 13. Qc2 e5 14. e4 dxe4 15. Ng5
Bg4 16. f3 exf3 17. Bxf3 Bxf3 18. Rxf3 exd4 19. Nxd4 Be5 20. Raf1 g6 21. Qd3
Nb2 22. Qc2 Nc4 23. Bf4 Bxd4+ 24. cxd4 Qxd4+ 25. Kg2 Nd5 26. Nxf7 Nce3+ 27.
Bxe3 Nxe3+ 28. Rxe3 Rxe3 29. Nh6+ Kg7 30. Nf7 Rf8 31. Qa2 Re7 32. Rf4 Qd3 33.
Qb2+ 1-0

[Event "61. BEM 2007"]
[Site "Dortmund"]
[Date "2007.03.12"]
[Round "7.32"]
[White "Müller, Michaela"]
[Black "Dirks, Rainer"]
[Result "0-1"]
[WhiteElo "1005"]
[BlackElo "979"]
[PlyCount "66"]
[EventDate "2007.??.??"]
[Source "SG Dortmund"]
[SourceDate "2004.12.16"]

1. d4 d5 2. e4 dxe4 3. Nc3 Nf6 4. f3 exf3 5. Nxf3 Bg4 6. Be3 e6 7. Bd3 Bb4 8.
O-O Bxc3 9. bxc3 Qd7 10. h3 Bxf3 11. Qxf3 c6 12. Qg3 Nh5 13. Qf3 Nf6 14. Rf2
Qd5 15. Bg5 Qxg5 16. Rb1 b6 17. Rbf1 O-O 18. a3 a5 19. g3 Qd5 20. Qe3 Nbd7 21.
g4 h6 22. Rg2 Rae8 23. g5 hxg5 24. Rxg5 e5 25. Qg3 g6 26. h4 Ne4 27. Qh2 Nxg5
28. hxg5 exd4 29. Qh6 Qd6 30. Rf2 Qg3+ 31. Kf1 Ne5 32. Rh2 Qf4+ 33. Kg1 Nf3+
0-1

[Event "61. BEM 2007"]
[Site "Dortmund"]
[Date "2007.03.12"]
[Round "7.33"]
[White "Jentzsch, Werner Wilfried"]
[Black "Eickmann, Martin"]
[Result "1-0"]
[WhiteElo "1423"]
[BlackElo "778"]
[PlyCount "31"]
[EventDate "2007.??.??"]
[Source "SG Dortmund"]
[SourceDate "2004.12.16"]

1. d4 d5 2. c4 e6 3. cxd5 exd5 4. Nc3 Nf6 5. Bf4 Nc6 6. Nf3 Be7 7. Nb5 Bd7 8.
Nxc7+ Kf8 9. Nxa8 Qxa8 10. Qb3 Qc8 11. Rc1 Bf5 12. Ne5 Nxd4 13. Rxc8+ Bxc8 14.
Qc3 Ne4 15. Qxc8+ Bd8 16. Qxd8# 1-0

[Event "61. BEM 2007"]
[Site "Dortmund"]
[Date "2007.03.13"]
[Round "8.1"]
[White "Woestmann, Ulrich"]
[Black "Kartsev, Soel"]
[Result "0-1"]
[WhiteElo "1927"]
[BlackElo "2180"]
[PlyCount "74"]
[EventDate "2007.??.??"]
[Source "SG Dortmund"]
[SourceDate "2004.12.16"]

1. e4 d5 2. exd5 Nf6 3. d4 Nxd5 4. c4 Nb6 5. Nc3 e5 6. Be3 exd4 7. Qxd4 Qxd4 8.
Bxd4 Nc6 9. Be3 Be6 10. c5 Nd7 11. Bb5 Bxc5 12. Bxc6 bxc6 13. Bxc5 Nxc5 14. b3
O-O-O 15. Nge2 Nd3+ 16. Kf1 c5 17. Nc1 c4 18. Nxd3 Rxd3 19. Ne4 cxb3 20. axb3
Rxb3 21. f3 Bd5 22. Nc5 Rc3 23. Na4 Rc2 24. h4 h5 25. Rh3 Rh6 26. Rg3 Rg6 27.
Rxg6 fxg6 28. Ra3 Bc4+ 29. Kg1 Ra2 30. Rxa2 Bxa2 31. Kf2 Kd7 32. Ke3 a5 33. Kd4
Kd6 34. g3 Bd5 35. f4 Bc6 36. Nb2 Bb5 37. Nd1 c5+ 0-1

[Event "61. BEM 2007"]
[Site "Dortmund"]
[Date "2007.03.13"]
[Round "8.2"]
[White "Fiebig, Thomas"]
[Black "Begna, Bozidar"]
[Result "1-0"]
[WhiteElo "2331"]
[BlackElo "1953"]
[PlyCount "121"]
[EventDate "2007.??.??"]
[Source "SG Dortmund"]
[SourceDate "2004.12.16"]

1. e4 d6 2. d4 Nf6 3. Nc3 e5 4. Nf3 Nbd7 5. Bc4 Be7 6. O-O O-O 7. a4 c6 8. Qe2
Qc7 9. Rd1 exd4 10. Nxd4 Nc5 11. Bf4 Bg4 12. f3 Be6 13. b4 Bxc4 14. Qxc4 Ncd7
15. Ncb5 Qb8 16. Nf5 cxb5 17. Nxe7+ Kh8 18. Qxb5 Ne5 19. Nf5 a6 20. Qe2 Rd8 21.
Qe3 Nh5 22. Rd5 Nxf4 23. Qxf4 f6 24. Rad1 Nc4 25. Nxd6 Kg8 26. Qg3 Qa7+ 27. Kh1
Nxd6 28. Rxd6 Rxd6 29. Qxd6 h6 30. h3 Kh7 31. c4 Qe3 32. Qd3 Qf4 33. Qd5 Qc7
34. c5 Qc6 35. Qxc6 bxc6 36. Rd6 a5 37. b5 cxb5 38. axb5 a4 39. b6 a3 40. Rd1
a2 41. Ra1 Ra5 42. Rxa2 Rxc5 43. Rb2 Rc8 44. b7 Rb8 45. Kg1 Kg6 46. Kf2 Kf7 47.
Ke3 Ke7 48. Kf4 Kf7 49. h4 g6 50. h5 gxh5 51. Kf5 h4 52. f4 h5 53. Rb6 Ke7 54.
Re6+ Kd8 55. Rb6 Ke7 56. Rb5 Kf7 57. Rb4 h3 58. gxh3 Ke7 59. h4 Kf7 60. Rb3 Ke7
61. Rb6 1-0